Cities in the Caucasus Region on a Map - Statistics

General Stats
  • This quiz has been taken 1,042 times
    1,008 since last reset
  • The average score is 8 of 20
Answers on the Map
Answers color-coded by a green-red scale on the quiz's map according to % correct below.
 
Answer Stats
Country Population City % Correct
Azerbaijan 1,229,100 Baku
97%
Georgia 1,154,300 Tbilisi
96%
Armenia 1,084,000 Yerevan
94%
N. Caucasus 364,000 Sochi
75%
Georgia 169,100 Batumi
62%
N. Caucasus 277,000 Grozny
57%
N. Caucasus 575,000 Makhachkala
45%
Azerbaijan 328,400 Ganja
40%
Georgia 135,200 Kutaisi
36%
Armenia 112,400 Gyumri
28%
Georgia 65,500 Sukhumi
27%
Georgia 45,600 Gori
24%
N. Caucasus 239,200 Nalchik
20%
Azerbaijan 297,600 Sumqayit
18%
Armenia 77,200 Vanadzor
13%
N. Caucasus 127,000 Cherkessk
11%
Armenia 46,200 Vagharshapat
5%
Armenia 44,900 Abovyan
4%
Azerbaijan 101,600 Mingecevir
4%
Azerbaijan 96,200 Khirdalan
3%
No matching quizzes found
Score Distribution
Percent of People with Each Score
Percentile by Number Answered
Your Score History
You have not taken this quiz since the last reset